000 00473nam a2200169Ia 4500
003 GCL
008 140319s9999 xx 000 0 ara d
040 _aGCL /
_cGCL
082 0 4 _a522.1
_bم ع
100 1 _aكرايبل ,مانغريد
245 1 0 _aعلم الارصاد الجوية /
_cكرايبل ,مانغريد
260 _a[S.N] :
_bدار المعرفة ،
_c1990
300 _a240
490 _a
650 0 4 _aالارصاد الجوية
942 _2ddc
_cBK
999 _c52933
_d52933